000
00309nam a2200121Ia 4500
008
241028s9999 xx 000 0 und d
041
_a
eng
082
_a
658.83 SHE
100
_a
Sheth
245
_a
The HowardSheth Theory Of Buyer Behavior
260
_b
Wiley India
_a
New Delhi
_c
2020
300
_a
464;.P. 23 cm
999
_c
43038
_d
43038